000 00916 am a2200229 a 4500
005 20231221083059.0
008 101006s2000||||ag d f |||| 000 0 spa d
020 _a9879823745
041 _aspa
092 _c610.7
_l2
_sAFA
110 1 _aAFACIMERA.
_91378
245 _aFormación de formadores. Metodología docente en Ciencias de la Salud.
_bT.5 Habilidades profesionales. Enseñanza de procedimientos /
_cAFACIMERA.
250 _a1a ed.
260 _aBuenos Aires:
_bAFACIMERA;
_c2000.
300 _a93 p.
500 _aAFACIMERA. (2000) Formación de formadores. Metodología docente en Ciencias de la Salud. T.5 Habilidades profesionales. Enseñanza de procedimientos. (1a ed.). Buenos Aires : AFACIMERA.
590 _aAFACIMERA: Asociación de Facultades de Ciencias Medicas de la Republica Argentina.
653 _aCiencias Medicas
653 _aFormación docente
930 _a359
942 _2ddc
_cBK
999 _c794
_d794